Eerdmans' handbook to the world's religions / (Record no. 1018)

MARC details
000 -LEADER
fixed length control field 00978nam a2200301 a 4500
001 - CONTROL NUMBER
control field 4228974
003 - CONTROL NUMBER IDENTIFIER
control field GBCCL
005 - DATE AND TIME OF LATEST TRANSACTION
control field 20241126110351.0
008 - FIXED-LENGTH DATA ELEMENTS--GENERAL INFORMATION
fixed length control field 820512r1982 miua 001 0 eng
010 ## -
-- 82137503
020 ## - INTERNATIONAL STANDARD BOOK NUMBER
International Standard Book Number 0802835635
040 ## - CATALOGING SOURCE
Original cataloging agency DLC
Transcribing agency DLC
Modifying agency DLC
050 00 -
-- BL80.2
-- .E35 1982
082 00 - DEWEY DECIMAL CLASSIFICATION NUMBER
Classification number 200.202
Edition information 19
Item number EER
245 00 - TITLE STATEMENT
Title Eerdmans' handbook to the world's religions /
Statement of responsibility, etc. [consulting editors, R. Pierce Beaver ... et al.].
250 ## - EDITION STATEMENT
Edition statement 1st American ed.
260 ## - PUBLICATION, DISTRIBUTION, ETC.
Place of publication, distribution, etc. Grand Rapids, Mich. :
Name of publisher, distributor, etc. W.B. Eerdmans Pub. Co.,
Date of publication, distribution, etc. 1982.
300 ## - PHYSICAL DESCRIPTION
Extent 448 p. :
Other physical details ill. (some col.) ;
Dimensions 23 cm.
500 ## - GENERAL NOTE
General note Includes index.
650 #0 - SUBJECT ADDED ENTRY--TOPICAL TERM
Topical term or geographic name entry element Religions.
9 (RLIN) 261
650 #0 - SUBJECT ADDED ENTRY--TOPICAL TERM
Topical term or geographic name entry element Religion.
9 (RLIN) 1728
700 1# - ADDED ENTRY--PERSONAL NAME
Personal name Beaver, R. Pierce
Fuller form of name (Robert Pierce),
Dates associated with a name 1906-
9 (RLIN) 1729
710 2# - ADDED ENTRY--CORPORATE NAME
Corporate name or jurisdiction name as entry element Wm. B. Eerdmans Publishing Co.
9 (RLIN) 1730
740 0# -
-- Handbook to the world's religions.
740 0# -
-- World's religions.
906 ## - LOCAL DATA ELEMENT F, LDF (RLIN)
a 7
b cbc
c orignew
d 2
e ncip
f 19
g y-gencatlg
942 ## - ADDED ENTRY ELEMENTS (KOHA)
Source of classification or shelving scheme Dewey Decimal Classification
Koha item type Reference Books
Holdings
Withdrawn status Lost status Source of classification or shelving scheme Damaged status Not for loan Home library Current Library Shelving location Date acquired Total checkouts Full call number Barcode Date last seen Copy number Price effective from Koha item type
    Dewey Decimal Classification     GRACE BIBLE COLLEGE GRACE BIBLE COLLEGE Handbook 2017-04-05   200.202 EER 010166 2025-05-01 c.1 2017-04-05 Reference Books
© Grace Bible College Library 2025